Metz - Choix multiples - Statistiques

Statistiques générales
  • Ce quiz a été pris 4 362 fois
    4 174 depuis la dernière actualisation
  • Le résultat moyen est 6 sur 10
Statistiques - réponses
Question Réponse % Correct
Quelle ville à proximité de Metz demeure sa principale rivale, tant sur un plan politique que sportif ? Nancy
82%
Quelle couleur est associée au principal club de football de la ville, le FC Metz ? Grenat
81%
Quel cours d'eau traverse Metz ? Moselle
81%
Quel fruit y est mis à l'honneur lors d'une fête en août ? Mirabelle
76%
Quel musée a été décentralisé depuis Paris vers Metz en 2010 ? Le centre Pompidou
70%
Qu'est-ce que le Graoully, animal-symbole de la ville de Metz ? Un dragon
63%
Lequel de ces poètes, auteur des vers "Les sanglots longs des violons de l'automne", est messin ? Paul Verlaine
56%
Lequel de ces édifices a été élu le plus beau de France à 3 reprises dans sa catégorie avant d'être retiré de la compétition, faute de concurrence ? La Gare
54%
Quelle dynastie française naît de l'union des Pépinides et des Arnulfiens à Metz en 643 ? Carolingiens
46%
Metz est notamment connue pour ses édifices en pierre de Jaumont. Lequel de ces monuments messins est construit avec cette pierre ?
42%
Aucun quiz correspondant
Distribution des résultats
% des personnes avec chaque résultat
Percentile par nombre de réponses
Votre historique - résultats
Vous n’avez pas pris ce quiz depuis la dernière actualisation